Diccionario francés-español y español-francés / (Record no. 127131)

MARC details
000 -LEADER
campo de control de longitud fija 01133nam a2200277 4500
001 - NÚMERO DE CONTROL
campo de control 127131
003 - IDENTIFICADOR DE NÚMERO DE CONTROL
campo de control ES-MaACL
005 - FECHA Y HORA DE LA ÚLTIMA TRANSACCIÓN
campo de control 20251015063127.0
007 - CAMPO FIJO DE DESCRIPCIÓN FÍSICA--INFORMACIÓN GENERAL
campo de control de longitud fija t|
008 - DATOS DE LONGITUD FIJA--INFORMACIÓN GENERAL
campo de control de longitud fija 070214s1964 sp r ||||1| spa d
080 ## - NÚMERO DE LA CLASIFICACIÓN DECIMAL UNIVERSAL
Número de la Clasificación Decimal Universal (038)=133.1=134.2
100 ## - ENTRADA PRINCIPAL--NOMBRE DE PERSONA
Nombre de persona Reyes, Rafael,
Fechas asociadas al nombre 1879-1947
9 (RLIN) 193680
245 10 - MENCIÓN DEL TÍTULO
Título Diccionario francés-español y español-francés /
Mención de responsabilidad, etc. Rafael Reyes.
250 ## - MENCION DE EDICION
Mención de edición 31ª ed.
260 ## - PUBLICACIÓN, DISTRIBUCIÓN, ETC.
Lugar de publicación, distribución, etc. Madrid :
Nombre del editor, distribuidor, etc. Reyes,
Fecha de publicación, distribución, etc. 1964.
300 ## - DESCRIPCIÓN FÍSICA
Extensión 1600 p. ;
Dimensiones 17 cm.
650 #4 - PUNTO DE ACCESO ADICIONAL DE MATERIA--TÉRMINO DE MATERIA
Término de materia o nombre geográfico como elemento de entrada Lengua francesa-
Subdivisión de forma Diccionarios-
Subdivisión general Español.
9 (RLIN) 14213
650 #4 - PUNTO DE ACCESO ADICIONAL DE MATERIA--TÉRMINO DE MATERIA
Término de materia o nombre geográfico como elemento de entrada Lengua española-
Subdivisión de forma Diccionarios-
Subdivisión general Francés.
9 (RLIN) 14145
800 ## - PUNTO DE ACCESO ADICIONAL DE SERIE--NOMBRE DE PERSONA
Título de la obra
9 (RLIN) 239743
852 4# - LOCALIZACIÓN
Ubicación ES-MaACL
Número de control de estantería A-5424
Encuadernación Expurgado en 2022: ejemplar deteriorado; ejemplar falto de paginas;
852 4# - LOCALIZACIÓN
Ubicación ES-MaACL
Número de control de estantería G-16129
Encuadernación Encuadernación cartoné
itemnumber 131800
Ubicación en estantería Depósito 2
Signatura antigua Olim: 5426
Nota libre Encuadernación deteriorada, falta tapa anterior.
852 4# - LOCALIZACIÓN
Ubicación ES-MaACL
Número de control de estantería A-5427
Encuadernación Expurgado en 2022: ejemplar deteriorado; ejemplar falto de paginas.
942 ## - ELEMENTOS DE ENTRADA SECUNDARIOS (KOHA)
Fuente del sistema de clasificación o colocación Clasificación decimal universal
Tipo de ítem Koha Libro impreso
Suprimir en OPAC No
Holdings
Estatus retirado Estado de pérdida Fuente del sistema de clasificación o colocación Estado de daño No para préstamo Colección Biblioteca de origen Biblioteca actual Ubicación en estantería Fecha de adquisición Total de préstamos Signatura topográfica completa Código de barras Visto por última vez Precio de reemplazo Tipo de ítem Koha
Expurgado   Clasificación decimal universal     Colección de referencia Biblioteca del Ateneo de Madrid Biblioteca del Ateneo de Madrid Sala Pecera Planta 1 17/01/2008   A-5427 1132416 23/02/2023 23/02/2023 Libro impreso
Expurgado   Clasificación decimal universal     Colección de referencia Biblioteca del Ateneo de Madrid Biblioteca del Ateneo de Madrid Sala Pecera Planta 1 17/01/2008   A-5424 1132414 23/02/2023 23/02/2023 Libro impreso
    Clasificación decimal universal     Colección de referencia Biblioteca del Ateneo de Madrid Biblioteca del Ateneo de Madrid Depósito 2 17/01/2008   G-16129 1132415 23/02/2023 23/02/2023 Libro impreso